THE CURRENT STITUATIONS AND IMPROVEMENT OF AGRICULTURAL IRRIGATION STRUCTURES IN TURKEY

Bibliographic Details
Main Authors: Ünal, H. B. (Author), Avci, M. (Author), Aşik, Ş. (Author)
Format: Article
Language:English
ISBN:8071378747

MARC

LEADER 00000naa a2200000uu 4500
001 vtls010960336
003 SK-MaSNL
005 20260302135332.0
008 210905|2001 xo |||||||||||||||||eng|
015 |a SNBRA 
035 |a (urnnbn)urn:nbn:sk:snk:ar-a0br8y 
035 |a (uuid)1cd2197c-913c-422b-b423-c7560d3c5067 
035 |a urn:nbn:sk:snk-aauixg 
040 |a SNKBUCL  |b slo  |c SNKBUCL  |e AACR2 
041 0 |a eng 
044 |a xo  |c SK 
100 1 |a Ünal, H. B.  |4 aut  |9 823691 
245 1 0 |a THE CURRENT STITUATIONS AND IMPROVEMENT OF AGRICULTURAL IRRIGATION STRUCTURES IN TURKEY  |c M. Avci, Ş. Aşik, H. B. Ünal 
246 3 |a SÚČASTNÁ SITUÁCIA A MOŽNOSTI ZLEPŠENIA ŠTRUKTÚRY ZÁVLAH V TURECKU 
700 1 |a Avci, M.  |4 aut  |9 823692 
700 1 |a Aşik, Ş.  |4 aut  |9 823693 
773 0 |t Agrotech Nitra 2001  |d Nitra : Slovenská poľnohospodárska univerzita, 2001  |g S. 424-431  |z 8071378747 
958 |a OND 
958 |a article11 
958 |a chapter 
999 |c 1327162  |d 1329092